Literary trios - Statistics

General Stats
  • This quiz has been taken 25 times
  • The average score is 15 of 36
Answer Stats
Hint Answer % Correct
The Brontë Sisters Charlotte
95%
The Brontë Sisters Emily
95%
Ghosts that visit Scrooge Christmas Future
90%
Ghosts that visit Scrooge Christmas Past
90%
Ghosts that visit Scrooge Christmas Present
90%
Hogwarts Trio Harry Potter
90%
Hogwarts Trio Hermione Granger
85%
Hogwarts Trio Ron Weasly
80%
The Brontë Sisters Anne
70%
The Lord of the Rings The Fellowship of the Ring
70%
The Lord of the Rings The Return of the King
65%
The Hunger Games Mockingjay
60%
The Hunger Games The Hunger Games
60%
The Lord of the Rings The Two Towers
60%
The Hunger Games Catching Fire
50%
Corleone Brothers Michael
45%
Buttercup's kidnappers (Princess Bride) Inigo
40%
His Dark Materials Northern Lights
40%
Corleone Brothers Santino
35%
Daughters of King Lear Cordelia
30%
Daughters of King Lear Regan
30%
Corleone Brothers Fredo
25%
Daughters of King Lear Goneril
20%
His Dark Materials The Amber Spyglass
20%
Buttercup's kidnappers (Princess Bride) Fezzik
15%
Shadow and Bone Shadow and Bone
15%
His Dark Materials The Subtle Knife
10%
Shadow and Bone Ruin and Rising
5%
Shadow and Bone Seige and Storm
5%
Chaos Walking The Knife of Never Letting Go
5%
Buttercup's kidnappers (Princess Bride) Vizzini
5%
Infernal Devices Clockwork Angel
0%
Infernal Devices Clockwork Prince
0%
Infernal Devices Clockwork Princess
0%
Chaos Walking Monsters of Men
0%
Chaos Walking The Ask and the Answer
0%
No matching quizzes found
Score Distribution
Percent of People with Each Score
Percentile by Number Answered
Your Score History
You have not taken this quiz